| 000 | 00383nam a2200145 a 4500 | ||
|---|---|---|---|
| 001 | 4027 | ||
| 005 | 20140414132016.0 | ||
| 008 | 081118s19uu xx 00 eng d | ||
| 050 |
_aTR _bEE6 2000 |
||
| 100 | _aHoberman, Mary Ann | ||
| 245 |
_aThe Eensy-weensy spider. / _cMary Ann Hoberman. |
||
| 260 | _c2000. | ||
| 650 |
_aSpiders (Juvenile literature) _xFiction. |
||
| 999 |
_c113371 _d113371 |
||